How far from Austerlitz? : (Record no. 68050)
[ view plain ]
| 000 -LEADER | |
|---|---|
| fixed length control field | 01372cam a2200349 i 4500 |
| 001 - CONTROL NUMBER | |
| control field | vtls003272810 |
| 003 - CONTROL NUMBER IDENTIFIER | |
| control field | MY-SjTCS |
| 005 - DATE AND TIME OF LATEST TRANSACTION | |
| control field | 20200306171251.0 |
| 008 - FIXED-LENGTH DATA ELEMENTS--GENERAL INFORMATION | |
| fixed length control field | 170525t19961996nyuab b 001 0beng |
| 020 ## - INTERNATIONAL STANDARD BOOK NUMBER | |
| International Standard Book Number | 0312155484 (hardback) |
| 039 #9 - LEVEL OF BIBLIOGRAPHIC CONTROL AND CODING DETAIL [OBSOLETE] | |
| Level of rules in bibliographic description | 201801021056 |
| Level of effort used to assign nonsubject heading access points | VLOAD |
| Level of effort used to assign subject headings | 201705251455 |
| Level of effort used to assign classification | shuhada |
| Level of effort used to assign subject headings | 201705241806 |
| Level of effort used to assign classification | shuhada |
| -- | 201705031149 |
| -- | malathy |
| 040 ## - CATALOGING SOURCE | |
| Description conventions | rda |
| 043 ## - GEOGRAPHIC AREA CODE | |
| Geographic area code | e-fr--- |
| 082 04 - DEWEY DECIMAL CLASSIFICATION NUMBER | |
| Classification number | 944.05092 |
| Item number | HOR 1996 |
| 100 1# - MAIN ENTRY--PERSONAL NAME | |
| Personal name | Horne, Alistair. |
| 9 (RLIN) | 76759 |
| 245 10 - TITLE STATEMENT | |
| Title | How far from Austerlitz? : |
| Remainder of title | Napoleon, 1805-1815 / |
| Statement of responsibility, etc. | Alistair Horne. |
| 264 #1 - PRODUCTION, PUBLICATION, DISTRIBUTION, MANUFACTURE, AND COPYRIGHT NOTICE | |
| Place of production, publication, distribution, manufacture | New York : |
| Name of producer, publisher, distributor, manufacturer | St. Martin's Press, |
| Date of production, publication, distribution, manufacture, or copyright notice | [1996] |
| 264 #4 - PRODUCTION, PUBLICATION, DISTRIBUTION, MANUFACTURE, AND COPYRIGHT NOTICE | |
| Date of production, publication, distribution, manufacture, or copyright notice | ©1996 |
| 300 ## - PHYSICAL DESCRIPTION | |
| Extent | xxviii, 429 pages : |
| Other physical details | illustrations (some colour), maps ; |
| Dimensions | 25 cm |
| 336 ## - CONTENT TYPE | |
| Content type term | text |
| Source | rdacontent |
| 337 ## - MEDIA TYPE | |
| Media type term | unmediated |
| Source | rdamedia |
| 338 ## - CARRIER TYPE | |
| Carrier type term | volume |
| Source | rdacarrier |
| 500 ## - GENERAL NOTE | |
| General note | "A Thomas Dunne book." |
| 500 ## - GENERAL NOTE | |
| General note | Map of the Theatre of Conflict from 1804-1814 on endpapers. |
| 504 ## - BIBLIOGRAPHY, ETC. NOTE | |
| Bibliography, etc. note | Includes bibliographical references (pages 407-410) and index. |
| 600 00 - SUBJECT ADDED ENTRY--PERSONAL NAME | |
| Personal name | Napoleon |
| Numeration | I, |
| Titles and other words associated with a name | Emperor of the French, |
| Dates associated with a name | 1769-1821 |
| General subdivision | Military leadership. |
| 9 (RLIN) | 300486 |
| 650 #0 - SUBJECT ADDED ENTRY--TOPICAL TERM | |
| Topical term or geographic name entry element | Napoleonic Wars, 1800-1815 |
| General subdivision | Campaigns. |
| 9 (RLIN) | 11301 |
| 651 #0 - SUBJECT ADDED ENTRY--GEOGRAPHIC NAME | |
| Geographic name | France |
| General subdivision | Kings and rulers |
| Form subdivision | Biography. |
| 9 (RLIN) | 11303 |
| 651 #0 - SUBJECT ADDED ENTRY--GEOGRAPHIC NAME | |
| Geographic name | France |
| General subdivision | Politics and government |
| Chronological subdivision | 1789-1815. |
| 9 (RLIN) | 40195 |
| 920 ## - Programme | |
| Programme | GENSH : 228450 |
| Withdrawn status | Lost status | Source of classification or shelving scheme | Damaged status | Not for loan | Collection code | Home library | Current library | Date acquired | Serial Enumeration / chronology | Total Checkouts | Barcode | Date last seen | Copy number | Koha item type | Public note |
|---|---|---|---|---|---|---|---|---|---|---|---|---|---|---|---|
| Withdrawn | Dewey Decimal Classification | Please fill up online form at https://taylorslibrary.taylors.edu.my/services/external_storage1 | TC External Storage | TC External Storage | 03/05/2017 | Complimentary from: Yap Yee Chuan, 23 March 2017 | 5000167283 | 05/12/2019 | 1 | Main Collection | GENSH,GENSH,02,GR |